000 02024nam a2200289Ia 4500
999 _c55230
_d55230
001 22305
003 GE_BSU
005 20230307144951.0
008 181216s2016||||ge |||||||||||||| ||geo||
020 _a9789941437960
040 _cGE_BSU
041 _ageo
080 _a821.14'01-2 ჰ-51
100 _aჰერო(ნ)დასი
_917133
245 _aმიმიამბები /
_bერო(ნ)დასი ; ძველი ბერძნულიდან თარგმნა და კომენტარები დაურთო დალილა ბედიანიძემ ; რედაქტორი მანანა ღარიბაშვილი ; ივანე ჯავახიშვილის სახ. თბილ. სახელმწ. უნ-ტი, კლასიკური ფილოლოგიის, ბიზანტინისტიკისა და ნეოგრეცისტიკის ინსტიტუტი
264 _aთბილისი :
_bლოგოსი,
_c2016.
300 _a90 გვ. ;
_c20 სმ.
490 _aპროგრამა "ლოგოსი"
500 _aპუბლიკაციები და ღონისძიებები კლასიკური ფილოლოგიის, ბიზანტინისტიკისა და ნეოგრეცისტიკის სფეროში
501 _aკომენტარები : გვ. 86-89
541 _h5 ლ.
653 _aმიმიამბები
700 _aბედიანიძე, დალილა
_eმთარგმნელი
_917134
700 _aღარიბაშვილი, მანანა
_e რედაქტორი
_93637
710 _aთსუ
_bკლასიკური ფილოლოგიის, ბიზანტინისტიკისა და ნეოგრეცისტიკის ინსტიტუტი
_916969
942 _cBK
_2udc